Reading the news
With Reading the News, students not only improve their ability to read newspapers in English-they gain practice that will help prepare them for TOEFL®, TOEIC®, and IELTS® exams. Presenting 24 authentic articles on contemporary issues gleaned from the International Herald Tribune, Reading the News is...
में बचाया:
| मुख्य लेखक: | |
|---|---|
| स्वरूप: | पुस्तक |
| भाषा: | Undetermined |
| प्रकाशित: |
Singapore
Thomson
2007
|
| विषय: | |
| टैग : |
टैग जोड़ें
कोई टैग नहीं, इस रिकॉर्ड को टैग करने वाले पहले व्यक्ति बनें!
|
| Thư viện lưu trữ: | Trung tâm Học liệu Trường Đại học Cần Thơ |
|---|
| LEADER | 00926nam a2200217Ia 4500 | ||
|---|---|---|---|
| 001 | CTU_133095 | ||
| 008 | 210402s9999 xx 000 0 und d | ||
| 020 | |c 55000 | ||
| 082 | |a 428.432 | ||
| 082 | |b S531 | ||
| 100 | |a Sharma, Pete | ||
| 245 | 0 | |a Reading the news | |
| 245 | 0 | |c Pete Sharma | |
| 260 | |a Singapore | ||
| 260 | |b Thomson | ||
| 260 | |c 2007 | ||
| 520 | |a With Reading the News, students not only improve their ability to read newspapers in English-they gain practice that will help prepare them for TOEFL®, TOEIC®, and IELTS® exams. Presenting 24 authentic articles on contemporary issues gleaned from the International Herald Tribune, Reading the News is an ideal way to encourage students to read English outside the classroom. | ||
| 650 | |a English language,Ngôn ngữ tiếng Anh | ||
| 650 | |x Reading | ||
| 904 | |i Trọng Hiếu | ||
| 980 | |a Trung tâm Học liệu Trường Đại học Cần Thơ | ||